Panegirici di Monsignore Abate Boileau predicatore del Re. Luigi XIV. Ed uno de'quaranta dell' Accademia FRancese transportati dalla lingua francese nella italiana

Detalles Bibliográficos
Autor principal: Boileau
Formato: Libro
Lenguaje:Undetermined
Italian
Publicado: in Venezia : apresso Gio Battista Recurti, 1741.
Materias:
Colección:Banco de datos
Acervo:Biblioteca Palafoxiana. Colección bibliográfica
Descripción Física:[22], 324 p. ; 4°
Tema general:Homilética
Notas:Ex libris manuscrito: "Blassi Minier". Número de localización: 15648
LEADER 00673nam a2200169Ia 4500
008 150723s9999 xx 000 0 und d
041 0 |a ita 
050 0 |a PAFX BV4207 B6 
100 1 |a Boileau, 
245 1 0 |a Panegirici di Monsignore Abate Boileau predicatore del Re. Luigi XIV. Ed uno de'quaranta dell' Accademia FRancese transportati dalla lingua francese nella italiana 
260 |a in Venezia : apresso Gio Battista Recurti, 1741. 
300 |a [22], 324 p. ; 4° 
500 |a Ex libris manuscrito: "Blassi Minier". Número de localización: 15648 
650 1 0 |a Homilética 
942 |c PALALIB 
943 |g Biblioteca Palafoxiana. Colección bibliográfica 
999 |c 1053032  |d 1053032